[Event "Cacak-ch rapid"]
[Site "Cacak"]
[Date "2014.12.11"]
[Round "4"]
[White "Sevic, Slobodan"]
[Black "Todic, Zoran"]
[Result "0-1"]
[WhiteElo "2129"]
[BlackElo "2227"]
[PlyCount "184"]
[EventDate "2014.12.10"]
[EventType "swiss (rapid)"]
[EventRounds "9"]
[EventCountry "SRB"]
[SourceTitle "EXT 2017"]
[Source "ChessBase"]
[SourceDate "2016.10.25"]
[SourceVersion "1"]
[SourceVersionDate "2016.10.25"]
[SourceQuality "1"]

1. e4 e5 2. Bc4 Nf6 3. Qe2 Nc6 4. c3 d6 5. Nf3 Be7 6. 0-0 h6 7. d3 Bg4 8. h3 Bd7 9. Re1 g5 10. Nh2 Qc8 11. Nd2 Nd8 12. Ndf1 Ne6 13. Bxe6 Bxe6 14. d4 g4 15. h4 c6 16. Ng3 h5 17. Bg5 Ng8 18. Bxe7 Nxe7 19. Ngf1 Ng6 20. g3 Qc7 21. Ne3 0-0-0 22. b3 Rhf8 23. Nhf1 Ne7 24. Rad1 Kb8 25. b4 d5 26. exd5 cxd5 27. Rc1 exd4 28. cxd4 Qb6 29. Qb2 Nc6 30. Nc2 Bf5 31. Nfe3 Bxc2 32. Nxc2 f5 33. Re6 f4 34. Rce1 fxg3 35. fxg3 Rf3 36. R1e3 Rdf8 37. Re8+ Rxe8 38. Rxe8+ Nd8 39. Re3 Qf6 40. Rxf3 Qxf3 41. Qb3 Qd1+ 42. Kg2 Qd2+ 43. Kg1 Nc6 44. a4 Nxd4 45. Nxd4 Qxd4+ 46. Kg2 a6 47. b5 axb5 48. axb5 Qd2+ 49. Kg1 Kc7 50. Kf1 Kb6 51. Qb1 Kc5 52. Qf5 Qd1+ 53. Kf2 Qd4+ 54. Kf1 Qe4 55. Qxh5 Qh1+ 56. Kf2 Qh2+ 57. Kf1 Qxg3 58. Qg5 Qf3+ 59. Kg1 Kxb5 60. h5 g3 61. Qd2 Qxh5 62. Qd3+ Kc6 63. Qc3+ Kd6 64. Qxg3+ Qe5 65. Qa3+ Ke6 66. Qh3+ Qf5 67. Qh6+ Kf7 68. Qb6 Qg4+ 69. Kf2 Qf4+ 70. Ke2 Qe4+ 71. Kf2 d4 72. Qb3+ Ke7 73. Qb4+ Ke6 74. Qc4+ Qd5 75. Qc8+ Qd7 76. Qc4+ Ke5 77. Qe2+ Kd6 78. Qe4 Qf7+ 79. Kg1 Qd5 80. Qf4+ Kc6 81. Qf6+ Kb5 82. Kf2 Kc4 83. Qf4 b5 84. Qc1+ Kb4 85. Qd2+ Kc5 86. Qc2+ Qc4 87. Qf5+ Kb4 88. Qb1+ Ka3 89. Qf5 b4 90. Qa5+ Kb2 91. Qe5 Qc2+ 92. Ke1 Qc1+ 0-1

[Event "Cacak-ch rapid"]
[Site "Cacak"]
[Date "2014.12.10"]
[Round "2"]
[White "Sevic, Slobodan"]
[Black "Colovic, Dusan"]
[Result "0-1"]
[WhiteElo "2129"]
[BlackElo "2365"]
[PlyCount "122"]
[EventDate "2014.12.10"]
[EventType "swiss (rapid)"]
[EventRounds "9"]
[EventCountry "SRB"]
[SourceTitle "EXT 2017"]
[Source "ChessBase"]
[SourceDate "2016.10.25"]
[SourceVersion "1"]
[SourceVersionDate "2016.10.25"]
[SourceQuality "1"]

1. e4 d6 2. d4 g6 3. Nf3 Bg7 4. Bc4 a6 5. 0-0 b5 6. Bb3 Bb7 7. Re1 Nd7 8. e5 dxe5 9. dxe5 Nxe5 10. Nxe5 Bxe5 11. Qe2 Bg7 12. Nc3 c5 13. Nxb5 axb5 14. Qxb5+ Qd7 15. Bxf7+ Kd8 16. Qxc5 Bd4 17. Qc4 Ra4 18. Qb3 Qc6 19. Qg3 Nf6 20. Be3 Nh5 21. Qh3 Bc8 22. Qf3 Qxf3 23. gxf3 Bxe3 24. Rxe3 Ra7 25. Rd1+ Rd7 26. Red3 Nf4 27. Rxd7+ Bxd7 28. Bd5 Kc7 29. b3 Ne2+ 30. Kg2 Nc3 31. Rd4 Nxa2 32. b4 Nc3 33. Rc4+ Kd6 34. Be4 Nxe4 35. fxe4 Bc6 36. Kf3 Ra8 37. Ke3 Ra3+ 38. c3 e5 39. f4 exf4+ 40. Kxf4 Ra2 41. e5+ Kd7 42. Rd4+ Ke7 43. h4 Rc2 44. c4 Bd7 45. Kg5 Be6 46. c5 Re2 47. Kf4 Rg2 48. Kf3 Rb2 49. Kf4 h6 50. Ke4 Rc2 51. Kd3 Bf5+ 52. Ke3 Ke6 53. Kf4 Rf2+ 54. Kg3 Rf1 55. b5 Kxe5 56. Rb4 Rb1 57. Rxb1 Bxb1 58. c6 Kd6 59. Kf4 h5 60. Kg5 Bf5 61. Kf6 Kc7 0-1

[Event "SRB-chT2 West"]
[Site "Vrnjacka Banja"]
[Date "2013.10.11"]
[Round "2"]
[White "Sevic, Slobodan"]
[Black "Avramovic, Zoran"]
[Result "1-0"]
[WhiteElo "2162"]
[BlackElo "2330"]
[PlyCount "85"]
[EventDate "2013.10.10"]
[EventType "team-tourn"]
[EventRounds "8"]
[EventCountry "SRB"]
[SourceTitle "EXT 2014"]
[Source "ChessBase"]
[SourceDate "2013.11.20"]
[SourceVersion "1"]
[SourceVersionDate "2013.11.20"]
[SourceQuality "1"]

1. e4 e5 2. Bc4 Nf6 3. Qe2 Nc6 4. c3 Bc5 5. Nf3 0-0 6. 0-0 d6 7. h3 Be6 8. Bb3 Nh5 9. d4 exd4 10. cxd4 Bxb3 11. axb3 Bb6 12. Nc3 g6 13. Bh6 Re8 14. Rad1 Ng7 15. Nd5 f6 16. Qc4 Kh8 17. Rfe1 Na5 18. Qc3 Nc6 19. g4 Rf8 20. e5 fxe5 21. dxe5 Bxf2+ 22. Kxf2 Nxe5 23. Bxg7+ Kxg7 24. Rxe5 Rxf3+ 25. Kxf3 dxe5 26. Qxe5+ Kh6 27. Ne3 Qf8+ 28. Qf4+ Qxf4+ 29. Kxf4 Rf8+ 30. Kg3 Re8 31. Rd3 Re7 32. h4 Kg7 33. Nd5 Rf7 34. Re3 c6 35. Nf4 Rd7 36. Ne6+ Kf6 37. Nc5 Rc7 38. Kf4 h6 39. Ne4+ Ke6 40. g5 hxg5+ 41. Kxg5 Kf7 42. Nd6+ Kf8 43. Kxg6 1-0

[Event "SRB-chT2 West"]
[Site "Vrnjacka Banja"]
[Date "2013.10.10"]
[Round "1"]
[White "Ilic, Dragan M"]
[Black "Sevic, Slobodan"]
[Result "1-0"]
[WhiteElo "2374"]
[BlackElo "2162"]
[PlyCount "56"]
[EventDate "2013.10.10"]
[EventType "team-tourn"]
[EventRounds "8"]
[EventCountry "SRB"]
[SourceTitle "EXT 2014"]
[Source "ChessBase"]
[SourceDate "2013.11.20"]
[SourceVersion "1"]
[SourceVersionDate "2013.11.20"]
[SourceQuality "1"]

1. d4 c5 2. d5 e6 3. c4 exd5 4. cxd5 d6 5. Nc3 Nf6 6. e4 g6 7. f4 Bg7 8. Bb5+ Nfd7 9. a4 0-0 10. Nf3 a6 11. Bc4 Nb6 12. Ba2 Bg4 13. 0-0 N8d7 14. h3 Bxf3 15. Qxf3 Qc7 16. e5 dxe5 17. f5 Nf6 18. Bg5 Nbd7 19. fxg6 hxg6 20. d6 Qxd6 21. Rad1 Qc7 22. Ne4 Nh5 23. Bxf7+ Kh8 24. Qg4 Ndf6 25. Rxf6 Rxf7 26. Rxg6 Nf4 27. Bxf4 exf4 28. Rd5 Bd4+ 1-0

[Event "SRB-chT2 West CS"]
[Site "Serbia"]
[Date "2012.09.15"]
[Round "2.3"]
[White "Sevic, Slobodan"]
[Black "Ilic, Dragan M"]
[Result "1/2-1/2"]
[WhiteElo "2174"]
[BlackElo "2383"]
[PlyCount "71"]
[EventDate "2012.09.14"]
[EventType "team"]
[EventRounds "10"]
[EventCountry "SRB"]
[SourceTitle "EXT 2015"]
[Source "ChessBase"]
[SourceDate "2014.11.20"]
[SourceVersion "1"]
[SourceVersionDate "2014.11.20"]
[SourceQuality "1"]

1. e4 e6 2. d4 d5 3. Nd2 Nc6 4. Ngf3 Nf6 5. e5 Nd7 6. c3 f6 7. exf6 Qxf6 8. Bd3 Bd6 9. 0-0 0-0 10. Qc2 h6 11. Nb3 e5 12. dxe5 Ndxe5 13. Nxe5 Nxe5 14. f4 Nxd3 15. Qxd3 c6 16. Nd4 Bd7 17. Bd2 Rae8 18. g3 Bh3 19. Rfe1 Rxe1+ 20. Rxe1 g5 21. Ne2 Bc5+ 22. Be3 Qf5 23. Qd2 Qe4 24. Nd4 Re8 25. Qc2 gxf4 26. Qxe4 Rxe4 27. gxf4 Kf7 28. Kf2 Be7 29. Kg3 Bc8 30. Bd2 Rxe1 31. Bxe1 c5 32. Nf3 Bf5 33. Bd2 Ke6 34. Nh4 Bb1 35. a3 a5 36. Kg4 1/2-1/2